000 00365nam a2200145 i 4500
001 47142
003 ES-MaACL
007 t|
008 030403m18701871sp ||||1| spa d
245 0 0 _aConvención constituyente de Buenos Aires.
260 _a[S.n. :
_bs.n.,
_c1870-71]
300 _a27 p. ;
_c19 cm.
500 _aCarece de portada.
852 _aES-MaACL
_jG-6831
999 _c47142
_d47142